000 02274nam0a2200361 4500
001 RU\NLR\bibl\1523846
005 20260409075347.0
010 _a978-5-98314-381-4
_9100
021 _aRU
_b2010-36858
_92467
035 _a(nilc)RSL-KNO-004647637
035 _a(NLR Aleph) 001515198
090 _a105604
_c105604
100 _a20100519d2010 |||y0rusy50 ca
101 0 _arus
102 _aRU
105 _ay zzzz|||||
200 1 _aДелайте с нами, делайте сами!
_eигровые упражнения с использованием полифункционального оборудования
_eметодическое пособие для ответственных родителей, заботящихся о здоровье и развитии своих детей
_fЕ. Л. Новикова, С. Н. Тульчинская, Н. Г. Балахнина
_gГос. образовательное учреждение высш. проф. образования "Челябинский гос. пед. ун-т", МДОУ № 17 г. Миасс
210 _aЧелябинск
_cОбразование
_d2010
215 _a39 с.
_cил., табл.
_d21
225 1 _aИграем дома
606 _aДошкольники
_jМетодические пособия
_xВоспитание здорового образа жизни
_92445818
_3RU\NLR\auth\661454650
610 0 _aКультура. Наука. Просвещение -- Народное образование. Педагогические науки -- Семейное воспитание -- Теория и практика семейного воспитания -- Российская Федерация -- Воспитание -- Виды воспитания -- Физическое воспитание
686 _aЧ491,6(2)354,0
_2rubbk
686 _aЧ411.354я8
700 1 _4070
_7ca
_8rus
_aНовикова
_bЕ. Л.
_cлогопед
_gЕлена Леонидовна
_957847
_3RU\NLR\AUTH\7774919
701 1 _aТульчинская
_bС. Н.
_4070
701 1 _aБалахнина
_bН. Г.
_4070
801 0 _aRU
_bРГБ
_c20100519
_grcr
801 1 _aRU
_bРГБ
_c20100519
801 2 _aRU
_bNLR
_c20100616
_grcr
942 _cBOOK
980 _aNB